000 00652nam a2200205Ia 4500
003 GCL
008 140319s9999 xx 000 0 ara d
040 _aGCL /
_cGCL
082 0 4 _a812.9
_bم ف
100 1 _aمحمد الرفاعى
245 1 0 _aفلسطين فى المسرح المصرى: السؤال المراوغ والفعل المستحيل: قراءة فى النص الدرامى /
_cمحمد الرفاعى
300 _a215
490 _a100 قصة
_v0
650 0 4 _aالادب العربى
650 0 4 _aمصر
650 0 4 _aفلسطين
650 0 4 _aالمسرح
650 0 4 _aالجوانب السياسية
942 _2ddc
_cBK
999 _c43712
_d43712